Un personnage fictif par lettre de l'alphabet - Statistiques

Statistiques générales
  • Ce quiz a été pris 758 fois
    757 depuis la dernière actualisation
  • Le résultat moyen est 16 sur 26
Statistiques - réponses
Indices Personnages : % Correct
Gaulois bien connu buvant de la potion magique Astérix
99%
Super héros qui s'inspire de la chauve souris Batman
99%
Méchante des 101 dalmatiens Cruella
93%
Célèbre canard portant un béret Donald
90%
Princesse habillée de bleu qui invoque la glace Elsa
88%
Un schtroumpf qui aime bien faire des blagues Farceur
81%
Cowboy qui chevauche Jolly Jumper Lucky Luck
80%
Reporter accompagné de son chien Milou Tintin
78%
Habitant de la Terre du milieu qui chérit "son précieux" Gollum
76%
Colonel soupçonné d'avoir tué dans la cuisine avec le poignard Moutarde
69%
Jeune ninja du village de Konoha dans des mangas Naruto
69%
Célèbre aventurier passioné d'archéologie Indiana Jones
67%
Le bossu de Notre-Dame Quasimodo
64%
Il a mis plus de 10 ans à rentrer chez lui après la bataille de Troie Ulysse
62%
Personne qui a donné son nom à la maison de Malefoy à Poudlard Serpentard
58%
Acolyte de Sherlock Holmes, on lui dit souvent :"Élémentaire mon cher ..." Watson
58%
Le jedi qui a eu pour padawan Anakin Skywalker Obi wan kenobi
57%
Dieu de la mythologie grecque des forgerons et du feu Héphaïstos
47%
Elle est sortie deux fois vivante des Hunger Games Katniss
47%
Dieu égyptien du soleil
46%
Le justicier masqué de la Californie (c'est un vrai renard) Zorro
44%
Petit être vert qui parle en inversant le sujet et le complément Yoda
43%
Nom de famille d'un ancien forçat dans les Misérables de V.Hugo Valjean
33%
L'un des trois mousquetaires d'Alexandre Dumas Porthos
31%
Il est accompagné de son compagnon Pirlouit Johan
21%
Père de Luna dans Harry Potter Xenophilius
21%
Aucun quiz correspondant
Distribution des résultats
% des personnes avec chaque résultat
Percentile par nombre de réponses
Votre historique - résultats
Vous n’avez pas pris ce quiz depuis la dernière actualisation